000 00956nam a22002897i 4500
003 EG-GICUC
005 20260204142313.0
008 260204s1996 fr ao||fr|||| 000 0 fre d
040 _aEG-GiCUC
_bfre
_cEG-GiCUC
_dEG-GiCUC
_eRda
082 0 4 _221
_a341.6
_b IS . M
092 0 4 _221
099 _aLaw1 11 341.6 IS . M 1996
100 0 _aIsoart , Paul
245 1 0 _aMélanges En L'honneur Du Doyen Paul Isoart :
_c Paul Isoart.
264 1 _aParis :
_bA. Pedone Publishing ,
_c1996.
300 _a 411page ;
_c 24 cm.
336 _2rda contenu
_a texte
337 _2rda medias
_aOrdinateur
338 _2 transporteur rda
_a Ressource en ligne
504 _aComprend Des Références Bibliographiques Et Un Index.
546 _aTexte en français
650 1 4 _a Finances Publiques Et Législation Fiscale
_2qrmak
651 1 _2qrmak
856 4 0 _uhttps://fll.law.cu.edu.eg/fulltext/bks/ B11-00179.pdf
905 _a56
942 _2ddc
_cBK
_e21
_n0
999 _c60956
_d60956